1322 1344 1416 1053 1896 1134 1487 1050 1976 1292 1270 1240 1461 1714 1014 1704 1782 1737 1719 1192 1647 1293 1176 1694 1053 1685 1609 1507 1803 1732 1817 1153 1483 1795 1680 1817 1313 1461 1454 1642 1139 1832 1252 1819 1560 1872 1986 1975 1915 1670 1757 1922 1596 1560 1537 1558 1529 1425 1728 1836 1795 1664 1732 1248 1408 1241 1405 1234 1545 1051 1996 1759 1999 1305 1427 1014 1847 1001 1316 1224 1168 1888 1629 1574 1916 1256 1234 1435 1198 1960 1881 1848 1652 1306 1099 1692 1997 1841 1702 BCNSPRNW ULIB Ver.6.0+V

เปลี่ยนเป็นภาษาไทย

Change to English
 แสดงรายละเอียดบรรณานุกรม
  กลับหน้าหลัก

Brief Record : Get Marc (ISO 2709) : E-mail record : QR code < ปิดหน้าต่าง
LEADER : 00000nam 2200000uu 4500
001    13399126819
003     ULIB
008    190314s2561||||th 000 0 tha d
020    ^a9786162714863
060    ^aWM105^bจ336จ
100    ^aจารุรินทร์ ปิตานุพงศ์
245    ^aจิตเวช ม.อ. (PRACTICAL HANDBOOK OF PSU PSYCHI ATRY)
250    ^aพิมพ์ครั้งที่ 1
260    ^aสงขลา :^bภาควิชาจิตเวชศาสตร์ คณะแพทยศาสตร์ มหาวิทยาลัยสงขลานครินทร์,^c2561
300    ^a162 หน้า;^c19 ซม.
650    ^aจิตเวชศาสตร์
945    ^p180^l0^i27362
945    ^p180^l0^i27360
945    ^p180^l0^i27364
945    ^p180^l0^i27363
945    ^p180^l0^i27361
999    ^aกัณชพร จุลอักษร
รายการนี้ยังไม่มีแท็ก
คุณยังไม่ได้ล็อกอิน คุณสามารถมีกิจกรรมร่วมกับเว็บไซต์ได้ แต่ต้องล็อกอินก่อน ::
  ล็อกอิน

รายการสื่อสารสนเทศ

ลำดับที่ ประเภท เลขเรียก/บาร์โค้ด สถานที่ สถานะ
1. หนังสือสำรอง
หนังสือสำรอง
WM105 จ336จ ฉ.1 
  Barcode: 27360
ห้องสมุดวิทยาเขตนครสวรรค์
►หนังสือทั่วไป:l:General Books
บนชั้น
2. วิทยาศาสตร์การแพทย์ และสุขภาพ
วิทยาศาสตร์การแพทย์ และสุขภาพ
WM105 จ336จ ฉ.2 
  Barcode: 27361
ห้องสมุดวิทยาเขตนครสวรรค์
►หนังสือทั่วไป:l:General Books
บนชั้น
3. วิทยาศาสตร์การแพทย์ และสุขภาพ
วิทยาศาสตร์การแพทย์ และสุขภาพ
WM105 จ336จ ฉ.3 
  Barcode: 27362
ห้องสมุดวิทยาเขตนครสวรรค์
►หนังสือทั่วไป:l:General Books
บนชั้น
4. วิทยาศาสตร์การแพทย์ และสุขภาพ
วิทยาศาสตร์การแพทย์ และสุขภาพ
WM105 จ336จ ฉ.4 
  Barcode: 27363
ห้องสมุดวิทยาเขตนครสวรรค์
►หนังสือทั่วไป:l:General Books
ถูกยืม กำหนดส่งวันที่ 20 เมษายน 2568
  จอง
5. วิทยาศาสตร์การแพทย์ และสุขภาพ
วิทยาศาสตร์การแพทย์ และสุขภาพ
WM105 จ336จ ฉ.5 
  Barcode: 27364
ห้องสมุดวิทยาเขตนครสวรรค์
►หนังสือทั่วไป:l:General Books
บนชั้น

รายการใกล้เคียง
    ชื่อเรื่อง [จิตเวช ม.อ. (PRACTICAL HANDBOOK OF PSU PSYCHI ATRY)]

    ผู้แต่ง [จารุรินทร์ ปิตานุพงศ์]

    หัวเรื่อง [จิตเวชศาสตร์]

BibComment


ยังไม่เคยถูกคอมเมนท์

คอมเมนท์ทรัพยากรรายการนี้
  คอมเมนท์: จิตเวช มอ PRACTI..


 Copyright 2026. Bcnsprnw @Library